LEADER 01123nam a2200301 i 4500 001 991001106839707536 005 20250909153649.0 008 950116s1991 it a b 001 0 ita d 020 $a8838606692 035 $ab10801820-39ule_inst 035 $aLE01307126$9ExL 040 $aDip.to Matematica$beng 082 0 $a515$222 084 $aAMS 26-01 084 $aAMS 92-01 100 1 $aVillani, Vinicio$0101210 245 10$aMatematica per discipline bio-mediche /$cVinicio Villani 264 1$aMilano :$bMcGraw-Hill,$c1991 300 $aviii, 302 p.$bill. ;$c24 cm 650 4$aMathematics for nonmathematicians 650 4$aReal analysis$xTextbooks 907 $a.b10801820$b21-02-12$c28-06-02 912 $a991001106839707536 945 $aLE003 515 VIL01.01 (1991)$g1$i2003000034134$lle003$o-$pE0.00$q-$rl$s-$t0$u1$v0$w1$x0$y.i12073131$z18-12-02 945 $aLE013 26-XX VIL11 (1991)$g1$i2013000026879$lle013$o-$pE0.00$q-$rn$s-$t1$u2$v0$w2$x0$y.i10905960$z28-06-02 996 $aMatematica per discipline bio-mediche$9376211 997 $aUNISALENTO 998 $ale003$ale013$b01-01-95$cm$da$e-$fita$git$h0$i1